| 000 | 00829cam a22002531 4500 | ||
|---|---|---|---|
| 001 | sa 67002221 | ||
| 003 | DLC | ||
| 005 | 20260227112329.0 | ||
| 008 | 860923m19649999ii ab b 001 0 kanx | ||
| 010 | _asa 67002221 | ||
| 025 | _aPL480:I-Kan-718 | ||
| 035 | _a(OCoLC)15066401 | ||
| 040 |
_aDLC _cNN _dDLC |
||
| 043 | _aa-ii-- | ||
| 050 | 0 | 0 |
_aDS409 _b.H3 |
| 100 | 1 | _aNāgēgauḍa, H. L. | |
| 245 | 1 | 0 |
_aPravāsi kaṇḍa Iṇḍiyā. _c[Lēkhaka] Ec. El. Nāgēgauḍa. |
| 260 |
_a[Maisūru] _bPrasārāṅga, Maisūru Viśvavidyānilaya, _c1964- |
||
| 300 |
_av. _billus., maps (part fold.) _c22 cm. |
||
| 490 | 0 |
_aMaisūru Viśvavidyānilaya Kannaḍa granthamāle, _v71, 84 |
|
| 500 | _aIn Kannada. | ||
| 504 | _aIncludes bibliographies and indexes. | ||
| 651 | 0 |
_aIndia _xDescription and travel _xEarly works to 1800. |
|
| 999 |
_c73132 _d73132 |
||